Представление документа в формате MARC21

ПолеНазваниеЗначение
  Тип записи a
  Библиографический уровень m
001 Контрольный номер RU/URAIT/544839
003 Принадлежность контрольного номера https://urait.ru/bcode/544839
005 Дата корректировки 20240827112722.6
008 Кодируемые данные
020 Индекс ISBN __
a ISBN 978-5-534-15815-1
c Цена, тираж 1869.00
040 Источник каталогиз. __
a Служба первич. каталог. ИКО Юрайт
b Код языка каталог. rus
c Служба, преобразующая запись ИКО Юрайт
041 Код языка издания 0_
a Код языка текста rus
044 Код страны публикации __
a Код страны публикации RU
073 _1
a 9785534158151
d 1869.00
080 Индекс УДК __
a Индекс УДК 34(075.8)
084 Индекс другой классификации/Индекс ББК __
a Индекс другой классификации/Индекс ББК 67я73
2 Источник индекса rubbk
091 Индексы/ коды __
a Индекс ББК (DOS) 67я73
z rubbk
100 Автор 1_
a Автор Белов В. А.
q Полное имя Вадим Анатольевич
230 __
a Электрон. дан.
245 Заглавие 00
a Заглавие Торговое (коммерческое) право: литературная энциклопедия. Книга 5. Удинцев, Гольмстен, Нерсесов, Петражицкий, Каминка, Азаревич, Нефедьев, Барац, Шершеневич (1893 — 1899)
b Продолж. заглавия учебное пособие
c Ответственность В. А. Белов.
260 Выходные данные 1_
a Место издания Москва
b Издательство Юрайт
c Дата издания 2024
300 Физическое описание __
a Объем 449 с
440 Серия _0
a Серия Высшее образование
500 Примечания __
a Примечание URL: https://urait.ru/bcode/544839 (дата обращения: 27.08.2024).
520 Аннотация __
a Аннотация Предлагаемое вниманию читателей учебное пособие представляет собой обзор отечественной литературы (оригинальной и переводной), содержащей сведения юридического, экономического, исторического, коммерческого и другого характера, которые могут быть полезны при современном изучении торгового (коммерческого) права. Пособие составлено по хронологическому принципу и охватывает весь период существования русской литературы — от глубокой древности до современности; его предметом являются в основном книги и брошюры, а также некоторые (наиболее крупные и значимые) журнальные и газетные публикации. Пособие заключает в себе элементы хрестоматии — цитированные составителем оригинальные тексты источников. Настоящая (пятая) книга включает в себя обзор источников с 1893 по 1899 г. Эти пять с небольшим лет оказываются богаты на события. К продолжающим плодотворно трудиться на ниве нашей науки С. М. Барацу, А. Х. Гольмстену и Г. Ф. Шершеневичу присоединяются как новички — будущие коммерциалисты (В. А. Удинцев, А. И. Каминка и В. И. Адамо?вич) — так и «случайные гости», в частности, романист Д. И. Азаревич и теоретик Л. И. Петражицкий. Для студентов юридических вузов и факультетов, обучающихся по образовательным программам академического бакалавриата и магистратуры; для аспирантов и преподавателей юридических факультетов; для всех, интересующихся отечественным гражданским и торговым правом.
538 Прим. о системных особенностях __
a Прим. о системных особенностях Режим доступа: Электронно-библиотечная система Юрайт, для авториз. пользователей
653 Ключевые слова 2_
a Ключевые слова Предпринимательское и коммерческое право
653 Ключевые слова 2_
a Ключевые слова Юридические науки
653 Ключевые слова 2_
a Ключевые слова Коммерческое право
653 Ключевые слова 2_
a Ключевые слова Торговое право
856 Электронный адрес документа 40
n Местонахождение сервера Юрайт
g Электронная книга
q Тип электронного формата html
h Имя пользователя ЮРАЙТ
v Часы доступа к ресурсу 20251231
2 Способ доступа Показать документ
x Служебное примечание https://urait.ru/book/cover/FA65CAD3-A4D3-48D9-BF8D-78BE4D12C42A
u URL https://urait.ru/bcode/544839
856 Электронный адрес документа 41
q Тип электронного формата cover
u URL https://urait.ru/book/cover/FA65CAD3-A4D3-48D9-BF8D-78BE4D12C42A